[Event "Regionalliga NW 0708"]
[Site "Bayern"]
[Date "2008.04.20"]
[Round "9.1"]
[White "Schell, Walter"]
[Black "Englert, Fabian"]
[Result "1-0"]
[WhiteElo "2061"]
[BlackElo "2174"]
[PlyCount "105"]
[EventDate "2007.10.21"]
[EventType "team-tourn"]
[EventRounds "9"]
[EventCountry "GER"]
[SourceTitle "EXT 2009"]
[Source "ChessBase"]
[SourceDate "2008.11.26"]
[SourceVersion "1"]
[SourceVersionDate "2008.11.26"]
[SourceQuality "1"]
[WhiteTeam "Sailauf"]
[BlackTeam "Klingenberg"]
[WhiteTeamCountry "GER"]
[BlackTeamCountry "GER"]

1. Nf3 c5 2. c4 Nc6 3. Nc3 g6 4. g3 Bg7 5. Bg2 d6 6. 0-0 Qd7 7. e3 Bxc3 8. bxc3 b6 9. d3 Bb7 10. Qe2 f5 11. Nd2 0-0-0 12. e4 Nf6 13. Re1 e5 14. Bh3 h5 15. Nf3 Ng4 16. Nh4 Ne7 17. f3 Nf6 18. Bg5 Rhf8 19. Nxg6 Rf7 20. Nxe7+ Qxe7 21. Bxf5+ Kc7 22. a4 a5 23. Reb1 Bc6 24. Qb2 Rb8 25. Ra3 Qf8 26. Rb3 Nd7 27. Bxd7 Kxd7 28. f4 exf4 29. gxf4 Rxf4 30. Bxf4 Qxf4 31. Qf2 Qg5+ 32. Qg3 Qh6 33. R3b2 h4 34. Qg4+ Kc7 35. Rf2 Rd8 36. Qf4 Qh8 37. Qf6 Qxf6 38. Rxf6 Bxa4 39. Rf7+ Bd7 40. Kf2 a4 41. Ra1 Ra8 42. Ke3 h3 43. Kd2 Kc6 44. Kc1 Be6 45. Re7 Bg4 46. Rg7 Be6 47. Kb2 Ra5 48. Rf1 a3+ 49. Ka1 Ra8 50. Rf6 Re8 51. Rgg6 Kd7 52. Ka2 b5 53. Rxe6 1-0

[Event "Regionalliga NW 0708"]
[Site "Bayern"]
[Date "2008.01.20"]
[Round "5.1"]
[White "Schell, Walter"]
[Black "Golda, Harald"]
[Result "0-1"]
[WhiteElo "2061"]
[BlackElo "2274"]
[PlyCount "106"]
[EventDate "2007.10.21"]
[EventType "team-tourn"]
[EventRounds "9"]
[EventCountry "GER"]
[SourceTitle "EXT 2009"]
[Source "ChessBase"]
[SourceDate "2008.11.26"]
[SourceVersion "1"]
[SourceVersionDate "2008.11.26"]
[SourceQuality "1"]
[WhiteTeam "Sailauf"]
[BlackTeam "Schweinfurt"]
[WhiteTeamCountry "GER"]
[BlackTeamCountry "GER"]

1. d4 Nf6 2. c4 e6 3. Nf3 d5 4. Nc3 Be7 5. Bf4 0-0 6. e3 c5 7. dxc5 Bxc5 8. cxd5 exd5 9. Be2 Nc6 10. 0-0 Be6 11. Na4 Be7 12. Nd4 Ne4 13. Rc1 Nxd4 14. Qxd4 Bf6 15. Qb4 b6 16. Bf3 Be7 17. Qd4 b5 18. Nc3 Bf6 19. Qd3 Nxc3 20. bxc3 Qd7 21. Rfd1 Rfd8 22. Be2 a6 23. Qb1 Qc6 24. a4 bxa4 25. c4 Qe8 26. Bf3 Rab8 27. Bxb8 Rxb8 28. Qd3 dxc4 29. Qd6 Bb2 30. Bc6 Qf8 31. Qxf8+ Kxf8 32. Bxa4 Bxc1 33. Rxc1 Rb4 34. Bc6 Ke7 35. h4 Kd6 36. Be4 h6 37. Kh2 a5 38. Bc2 Rb2 39. Kg3 Kc5 40. Kf4 Kb4 41. Ke5 a4 42. f4 c3 43. Bxa4 Kxa4 44. Rxc3 Rxg2 45. f5 Bb3 46. e4 Rg4 47. Kd4 Rxh4 48. Rg3 Bc2 49. Rxg7 Rxe4+ 50. Kc3 Bb3 51. Rh7 Rc4+ 52. Kd3 Rf4 53. Rxh6 Rxf5 0-1

[Event "Rhein Main op 10th"]
[Site "Bad Homburg"]
[Date "2007.06.07"]
[Round "2"]
[White "Reinl, Walter"]
[Black "Schell, Walter"]
[Result "0-1"]
[WhiteElo "1638"]
[BlackElo "2139"]
[PlyCount "72"]
[EventDate "2007.06.06"]
[EventType "swiss"]
[EventRounds "7"]
[EventCountry "GER"]
[SourceTitle "EXT 2008"]
[Source "ChessBase"]
[SourceDate "2007.11.25"]
[SourceVersion "1"]
[SourceVersionDate "2007.11.25"]
[SourceQuality "1"]

1. e4 e5 2. Nf3 Nc6 3. Bb5 a6 4. Ba4 Nf6 5. 0-0 Be7 6. Re1 b5 7. Bb3 0-0 8. c3 d6 9. h3 Bb7 10. d4 Re8 11. Nbd2 Bf8 12. d5 Nb8 13. Nf1 h6 14. Ng3 Nbd7 15. Nf5 Kh7 16. Bc2 g6 17. Ng3 c6 18. dxc6 Bxc6 19. Bb3 Qe7 20. Nh2 Nc5 21. Bc2 Qb7 22. Qf3 Bg7 23. Ng4 Nxg4 24. Qxg4 a5 25. b4 Ne6 26. h4 axb4 27. cxb4 Nd4 28. Bd1 Bd7 29. Nf5 gxf5 30. exf5 Bxf5 31. Qg3 Nc2 32. Bxc2 Bxc2 33. Re2 Bf5 34. Bb2 Rg8 35. Qh2 Rac8 36. Rd1 Bf8 0-1

[Event "Rhein Main op 10th"]
[Site "Bad Homburg"]
[Date "2007.06.06"]
[Round "1"]
[White "Schell, Walter"]
[Black "Ackermann, Johannes"]
[Result "1/2-1/2"]
[WhiteElo "2139"]
[BlackElo "1693"]
[PlyCount "54"]
[EventDate "2007.06.06"]
[EventType "swiss"]
[EventRounds "7"]
[EventCountry "GER"]
[SourceTitle "EXT 2008"]
[Source "ChessBase"]
[SourceDate "2007.11.25"]
[SourceVersion "1"]
[SourceVersionDate "2007.11.25"]
[SourceQuality "1"]

1. d4 d5 2. c4 e6 3. Nf3 c5 4. cxd5 exd5 5. g3 Nc6 6. Bg2 Nf6 7. 0-0 Be7 8. Nc3 0-0 9. Bg5 cxd4 10. Nxd4 h6 11. Be3 Re8 12. Rc1 Bg4 13. h3 Be6 14. Nxc6 bxc6 15. Na4 Qd7 16. Kh2 Bf5 17. Bc5 Bd8 18. Bd4 Ne4 19. e3 Be7 20. Nc5 Bxc5 21. Bxc5 Ng5 22. h4 Ne4 23. Qd4 Kh8 24. Bxe4 Rxe4 25. Qc3 Qc7 26. Kg2 Rg4 27. f4 Rg6 1/2-1/2

[Event "Mainz Ordix op 13th"]
[Site "Mainz"]
[Date "2006.08.19"]
[Round "1"]
[White "Harikrishna, Pentala"]
[Black "Schell, Walter"]
[Result "1-0"]
[WhiteElo "2682"]
[BlackElo "2112"]
[PlyCount "65"]
[EventDate "2006.08.19"]
[EventType "swiss (rapid)"]
[EventRounds "11"]
[EventCountry "GER"]
[SourceTitle "CBM 113 Extra"]
[Source "ChessBase"]
[SourceDate "2006.09.14"]
[SourceVersion "1"]
[SourceVersionDate "2006.09.14"]
[SourceQuality "1"]

1. e4 e5 2. Nf3 Nc6 3. Bb5 Nf6 4. 0-0 Nxe4 5. d4 Nd6 6. Bxc6 dxc6 7. dxe5 Nf5 8. Qxd8+ Kxd8 9. Nc3 Bd7 10. h3 h6 11. Bd2 Be7 12. Ne2 Ke8 13. Bc3 Be6 14. Ned4 Bc5 15. Nxe6 fxe6 16. Rad1 Rd8 17. Rxd8+ Kxd8 18. g4 Ne7 19. Bd4 Bxd4 20. Nxd4 Kd7 21. Rd1 Ng6 22. Nf5+ Kc8 23. Nxg7 Nxe5 24. Nxe6 Re8 25. Ng7 Rg8 26. Nf5 Rh8 27. Ne7+ Kb8 28. f4 Nc4 29. b3 Ne3 30. Rd2 Re8 31. Kf2 b6 32. Nxc6+ Kb7 33. Ne5 1-0

[Event "Karl Mala Memorial op 10th"]
[Site "Griesheim"]
[Date "2006.07.23"]
[Round "6"]
[White "Kickert, Germaine Helene"]
[Black "Schell, Walter"]
[Result "0-1"]
[WhiteElo "1922"]
[BlackElo "2112"]
[PlyCount "100"]
[EventDate "2006.07.20"]
[EventType "swiss"]
[EventRounds "7"]
[EventCountry "GER"]
[SourceTitle "CBM 113 Extra"]
[Source "ChessBase"]
[SourceDate "2006.09.14"]
[SourceVersion "1"]
[SourceVersionDate "2006.09.14"]
[SourceQuality "1"]

1. e4 e5 2. Nf3 Nc6 3. d4 exd4 4. Nxd4 Nf6 5. Nc3 Bb4 6. Nxc6 bxc6 7. Bd3 d5 8. exd5 cxd5 9. 0-0 0-0 10. Bg5 c6 11. a3 Bd6 12. Qd2 Be6 13. Rfe1 Rb8 14. b4 a5 15. b5 c5 16. a4 c4 17. Bf1 Bb4 18. Qd4 h6 19. Bd2 Bf5 20. Re5 Bxc2 21. Nxd5 Bd6 22. Nxf6+ Qxf6 23. Rd5 Qxd4 24. Rxd4 Be5 25. Rxc4 Bxa1 26. Rxc2 Rfc8 27. Rxc8+ Rxc8 28. Bxa5 Ra8 29. Bb6 Rxa4 30. g3 Bd4 31. Bxd4 Rxd4 32. h3 Rb4 33. h4 Kf8 34. Kg2 Ke7 35. Kf3 Kd6 36. Ke3 Ke5 37. f3 g5 38. hxg5 hxg5 39. Be2 f5 40. Bf1 Rb3+ 41. Kf2 Kd4 42. g4 f4 43. Kg1 Rb2 44. Kh1 Ke3 45. Bg2 Kf2 46. Kh2 Rxb5 47. Kh3 Rb8 48. Kh2 Rh8+ 49. Bh3 Rh7 50. Kh1 Rxh3# 0-1

[Event "Rhein Main op 09th"]
[Site "Bad Homburg"]
[Date "2006.06.18"]
[Round "6.10"]
[White "Kolker, Vladislav"]
[Black "Schell, Walter"]
[Result "1/2-1/2"]
[WhiteElo "1860"]
[BlackElo "2112"]
[PlyCount "55"]
[EventDate "2006.06.14"]
[EventType "swiss"]
[EventRounds "7"]
[EventCountry "GER"]
[SourceTitle "EXT 2007"]
[Source "ChessBase"]
[SourceDate "2006.11.23"]
[SourceVersion "1"]
[SourceVersionDate "2006.11.23"]
[SourceQuality "1"]

1. e4 e5 2. Nf3 Nc6 3. d4 exd4 4. Bc4 Nf6 5. e5 d5 6. Bb5 Ne4 7. Nxd4 Bd7 8. Bxc6 bxc6 9. 0-0 Bc5 10. f3 Ng5 11. f4 Ne4 12. Be3 Qe7 13. Nd2 Nxd2 14. Qxd2 0-0 15. Nb3 Bb6 16. Qc3 f6 17. Bc5 fxe5 18. fxe5 Rae8 19. Rxf8+ Rxf8 20. Re1 Qf7 21. Qe3 Be6 22. a4 d4 23. Bxd4 Bxb3 24. cxb3 Bxd4 25. Qxd4 Qxb3 26. e6 Qb6 27. Qxb6 cxb6 28. Rd1 1/2-1/2

[Event "Rhein Main op 09th"]
[Site "Bad Homburg"]
[Date "2006.06.15"]
[Round "2.17"]
[White "Huettemann, Ralf"]
[Black "Schell, Walter"]
[Result "1/2-1/2"]
[WhiteElo "1963"]
[BlackElo "2112"]
[PlyCount "78"]
[EventDate "2006.06.14"]
[EventType "swiss"]
[EventRounds "7"]
[EventCountry "GER"]
[SourceTitle "EXT 2007"]
[Source "ChessBase"]
[SourceDate "2006.11.23"]
[SourceVersion "1"]
[SourceVersionDate "2006.11.23"]
[SourceQuality "1"]

1. e4 e5 2. Nc3 Nf6 3. f4 d5 4. fxe5 Nxe4 5. Nf3 Be7 6. g3 Nc6 7. Bb5 0-0 8. Ne2 Bg4 9. 0-0 Bxf3 10. Rxf3 Nxe5 11. Rf1 c6 12. Ba4 Nc5 13. d4 Nxa4 14. dxe5 Nc5 15. Kg2 f6 16. b4 Ne4 17. exf6 Bxf6 18. Rb1 Qd7 19. Qd3 Rae8 20. Be3 b6 21. Rfd1 Nd6 22. Bf4 Be5 23. c4 dxc4 24. Qxc4+ Nxc4 25. Rxd7 Bxf4 26. Nxf4 Rf7 27. Rd4 b5 28. a4 g5 29. axb5 cxb5 30. Nd3 Re2+ 31. Kh3 h5 32. Re1 g4+ 33. Kh4 Rxh2+ 34. Kg5 Rg7+ 35. Kf6 Rf7+ 36. Kg6 Rg7+ 37. Kf6 Rf7+ 38. Kg6 Rg7+ 39. Kf6 Rf7+ 1/2-1/2

[Event "Rhein Main op 09th"]
[Site "Bad Homburg"]
[Date "2006.06.15"]
[Round "3.13"]
[White "Schell, Walter"]
[Black "Willems, Matthias"]
[Result "1/2-1/2"]
[WhiteElo "2112"]
[BlackElo "2112"]
[PlyCount "26"]
[EventDate "2006.06.14"]
[EventType "swiss"]
[EventRounds "7"]
[EventCountry "GER"]
[SourceTitle "EXT 2007"]
[Source "ChessBase"]
[SourceDate "2006.11.23"]
[SourceVersion "1"]
[SourceVersionDate "2006.11.23"]
[SourceQuality "1"]

1. d4 d6 2. c4 e5 3. Nf3 e4 4. Ng5 f5 5. Nc3 c6 6. Nh3 Be7 7. e3 Nf6 8. Nf4 Na6 9. h4 Nc7 10. Qb3 d5 11. cxd5 Nfxd5 12. Nfxd5 cxd5 13. g3 0-0 1/2-1/2

[Event "Karl Mala Memorial op 09th"]
[Site "Frankfurt"]
[Date "2005.07.31"]
[Round "6"]
[White "Schell, Walter"]
[Black "Isserman, Ryhor"]
[Result "0-1"]
[WhiteElo "2097"]
[BlackElo "2302"]
[PlyCount "76"]
[EventDate "2005.07.28"]
[EventType "swiss"]
[EventRounds "7"]
[EventCountry "GER"]
[SourceTitle "EXT 2006"]
[Source "ChessBase"]
[SourceDate "2005.11.24"]
[SourceVersion "1"]
[SourceVersionDate "2005.11.24"]
[SourceQuality "1"]

1. d4 Nf6 2. c4 c5 3. d5 e6 4. Nc3 exd5 5. cxd5 d6 6. e4 g6 7. Nf3 Bg7 8. h3 0-0 9. Bd3 a6 10. a4 Nbd7 11. 0-0 Rb8 12. Bf4 Qc7 13. Re1 Re8 14. Bh2 Nh5 15. g4 Nhf6 16. Bf1 h5 17. g5 Nh7 18. Qd2 c4 19. e5 Bxe5 20. Nxe5 Nxe5 21. Bxe5 Rxe5 22. Rxe5 dxe5 23. d6 Qd8 24. Ne4 Bf5 25. Nf6+ Nxf6 26. gxf6 Qxf6 27. Rd1 Rd8 28. Qd5 Qg5+ 29. Kh1 Qf4 30. Bg2 Rd7 31. Qc5 Kg7 32. a5 Bd3 33. b3 e4 34. bxc4 Qxd6 35. Qe3 Qd4 36. Kg1 Qxe3 37. fxe3 Rc7 38. Rc1 Rc5 0-1

[Event "Karl Mala Memorial op 09th"]
[Site "Frankfurt"]
[Date "2005.07.29"]
[Round "2"]
[White "Schell, Walter"]
[Black "Juhnke, Peter"]
[Result "1-0"]
[WhiteElo "2097"]
[BlackElo "1898"]
[PlyCount "97"]
[EventDate "2005.07.28"]
[EventType "swiss"]
[EventRounds "7"]
[EventCountry "GER"]
[SourceTitle "EXT 2006"]
[Source "ChessBase"]
[SourceDate "2005.11.24"]
[SourceVersion "1"]
[SourceVersionDate "2005.11.24"]
[SourceQuality "1"]

1. d4 Nf6 2. c4 e5 3. dxe5 Ne4 4. Nf3 d6 5. exd6 Bxd6 6. Nbd2 Nf6 7. Qc2 Nc6 8. a3 Qe7 9. e3 Bg4 10. b4 0-0-0 11. Bb2 Bh5 12. Be2 Bg6 13. Qc3 Rhe8 14. 0-0 Bh5 15. Rfd1 Ng4 16. h3 Nf6 17. Kf1 Bg6 18. c5 Be5 19. Nxe5 Nxe5 20. Qxe5 Qxe5 21. Bxe5 Rxe5 22. Nf3 Ree8 23. Rxd8+ Rxd8 24. Rd1 Re8 25. g4 Ne4 26. Nd4 Nc3 27. Rc1 Nxe2 28. Kxe2 c6 29. f3 Rf8 30. e4 f6 31. Ne6 Rg8 32. Rd1 Bf7 33. Nd4 g6 34. Ke3 Re8 35. Rd2 Kc7 36. f4 Bd5 37. Nb5+ cxb5 38. Rxd5 a5 39. Rd6 axb4 40. axb4 Ra8 41. Rxf6 Ra4 42. Kd4 Rxb4+ 43. Kd5 Kd8 44. Rf7 Rb3 45. Rxb7 Rxh3 46. g5 Rd3+ 47. Kc6 Rd4 48. Rxh7 Rxe4 49. Kb7 1-0

[Event "Regionalliga NW 0405"]
[Site "Bayern"]
[Date "2005.01.30"]
[Round "6.2"]
[White "Schlickenrieder, Gerhard"]
[Black "Schell, Walter"]
[Result "1-0"]
[WhiteElo "2060"]
[BlackElo "2096"]
[PlyCount "119"]
[EventDate "2004.10.24"]
[EventType "team-tourn"]
[EventRounds "9"]
[EventCountry "GER"]
[SourceTitle "EXT 2007"]
[Source "ChessBase"]
[SourceDate "2006.11.23"]
[SourceVersion "1"]
[SourceVersionDate "2006.11.23"]
[SourceQuality "1"]
[WhiteTeam "Schweinheim"]
[BlackTeam "Sailauf"]
[WhiteTeamCountry "GER"]
[BlackTeamCountry "GER"]

1. e4 e5 2. Nf3 Nc6 3. Bb5 a6 4. Ba4 Nf6 5. 0-0 Be7 6. Bxc6 dxc6 7. Qe1 Nd7 8. d3 0-0 9. Be3 Re8 10. Nbd2 Bc5 11. Nb3 Bxe3 12. Qxe3 Qe7 13. Rad1 c5 14. Nfd2 b6 15. f4 exf4 16. Rxf4 Ne5 17. Qg3 a5 18. Rdf1 f6 19. Rxf6 a4 20. Nc1 a3 21. b3 Be6 22. R6f4 b5 23. Ne2 Qd6 24. Kh1 Rad8 25. h3 Nc6 26. R4f3 Ne5 27. R3f2 c4 28. bxc4 Nxc4 29. Qxd6 Rxd6 30. Nxc4 bxc4 31. d4 Bc8 32. e5 Rb6 33. Nc3 Rb2 34. Nd5 h6 35. c3 Bb7 36. Ne3 Ba6 37. Rxb2 axb2 38. Rb1 Rb8 39. Kg1 Kf7 40. Kf2 Ke6 41. Ke1 c5 42. Kd2 Rd8 43. d5+ Kxe5 44. Rxb2 Rf8 45. Ke2 Re8 46. Rb6 Bc8 47. Rg6 Kf4 48. g3+ Ke4 49. Rxg7 Bxh3 50. d6 Ke5 51. Re7+ Rxe7 52. dxe7 Bd7 53. Kf3 h5 54. Nxc4+ Kf6 55. Nb6 Bc6+ 56. Kf4 Kxe7 57. Ke5 Bb7 58. a4 Bg2 59. a5 Bb7 60. Na4 1-0

[Event "Regionalliga NW 0405"]
[Site "Bayern"]
[Date "2004.11.14"]
[Round "2.2"]
[White "Oechslein, Rainer"]
[Black "Schell, Walter"]
[Result "1/2-1/2"]
[WhiteElo "2183"]
[BlackElo "2096"]
[PlyCount "111"]
[EventDate "2004.10.24"]
[EventType "team-tourn"]
[EventRounds "9"]
[EventCountry "GER"]
[SourceTitle "EXT 2007"]
[Source "ChessBase"]
[SourceDate "2006.11.23"]
[SourceVersion "1"]
[SourceVersionDate "2006.11.23"]
[SourceQuality "1"]
[WhiteTeam "Schweinfurt"]
[BlackTeam "Sailauf"]
[WhiteTeamCountry "GER"]
[BlackTeamCountry "GER"]

1. e4 e5 2. Nf3 Nc6 3. Bb5 a6 4. Ba4 Nf6 5. 0-0 Be7 6. Bxc6 dxc6 7. Qe1 Nd7 8. b3 0-0 9. Bb2 Bf6 10. d3 Re8 11. Nbd2 c5 12. a4 Nb8 13. Qe3 b6 14. Rfd1 Nc6 15. c3 Bb7 16. Nc4 a5 17. Qe2 Qd7 18. Ne3 Ne7 19. h3 Ng6 20. Ng4 Qe6 21. g3 Rad8 22. Kh2 Bc8 23. c4 Kh8 24. Qf1 c6 25. Qg2 h5 26. Nxf6 Qxf6 27. Bc1 Rd6 28. Be3 Qd8 29. Ng5 Kg8 30. Qf1 f6 31. Nf3 f5 32. Bg5 Qd7 33. Ng1 Nf8 34. Qe2 g6 35. f3 Ne6 36. Be3 f4 37. gxf4 exf4 38. e5 fxe3 39. exd6 Qxd6+ 40. Kh1 Nf4 41. Qh2 e2 42. Re1 Qd4 43. Rac1 Nxd3 44. Rxe2 Rxe2 45. Nxe2 Qe3 46. Rf1 Bxh3 47. Qxh3 Qxe2 48. Qg2 Qxg2+ 49. Kxg2 Nf4+ 50. Kg3 Ne6 51. Rd1 Nd4 52. f4 Kf7 53. Re1 Nf5+ 54. Kf3 Nd4+ 55. Kg3 Nf5+ 56. Kf3 1/2-1/2

[Event "Karl Mala Memorial op 08th"]
[Site "Frankfurt"]
[Date "2004.07.25"]
[Round "7"]
[White "Wiesner, Johann"]
[Black "Schell, Walter"]
[Result "0-1"]
[WhiteElo "1947"]
[BlackElo "2016"]
[PlyCount "62"]
[EventDate "2004.07.22"]
[EventType "swiss"]
[EventRounds "7"]
[EventCountry "GER"]
[SourceTitle "EXT 2005"]
[Source "ChessBase"]
[SourceDate "2004.11.15"]
[SourceVersion "1"]
[SourceVersionDate "2004.11.15"]
[SourceQuality "1"]

1. d4 d5 2. c4 e6 3. Nf3 c5 4. cxd5 exd5 5. g3 Nc6 6. Bg2 Nf6 7. 0-0 Be7 8. Nc3 0-0 9. b3 Ne4 10. Bb2 Bf6 11. Na4 Re8 12. dxc5 Bxb2 13. Nxb2 Nxc5 14. Nd3 Ne4 15. Nf4 d4 16. Qc2 g5 17. Nd3 Bf5 18. Rfe1 Qf6 19. Qb2 h6 20. Rac1 Rad8 21. b4 a6 22. a4 Nc3 23. Nc5 b6 24. Nxa6 Nxa4 25. Qb3 Nc3 26. Nxd4 Nxd4 27. Qxc3 Nxe2+ 28. Rxe2 Qxc3 29. Rxe8+ Rxe8 30. Rxc3 Re1+ 31. Bf1 Bh3 0-1

[Event "Karl Mala Memorial op 08th"]
[Site "Frankfurt"]
[Date "2004.07.24"]
[Round "4"]
[White "Schell, Walter"]
[Black "Stojadinovic, Tomislav"]
[Result "1/2-1/2"]
[WhiteElo "2016"]
[BlackElo "1766"]
[PlyCount "120"]
[EventDate "2004.07.22"]
[EventType "swiss"]
[EventRounds "7"]
[EventCountry "GER"]
[SourceTitle "EXT 2005"]
[Source "ChessBase"]
[SourceDate "2004.11.15"]
[SourceVersion "1"]
[SourceVersionDate "2004.11.15"]
[SourceQuality "1"]

1. d4 d5 2. c4 c6 3. Nf3 Nf6 4. Nc3 a6 5. c5 Bg4 6. Ne5 Bh5 7. Qb3 Ra7 8. Bf4 Nbd7 9. e3 Nxe5 10. Bxe5 Nd7 11. Bg3 f5 12. Bd3 e6 13. 0-0 Be7 14. Qc2 0-0 15. f3 Nf6 16. b4 Bg6 17. a4 Ra8 18. b5 axb5 19. axb5 Qd7 20. Na4 Bd8 21. b6 Qf7 22. Ra3 Nh5 23. Bd6 Be7 24. Bxe7 Qxe7 25. Rfa1 e5 26. Qc3 exd4 27. Qxd4 Rfe8 28. Nb2 Rad8 29. Ra7 Nf6 30. Kf2 Qf7 31. Bf1 Rd7 32. Ra8 Rde7 33. Rxe8+ Rxe8 34. Ra7 Qe7 35. Ba6 f4 36. Rxb7 fxe3+ 37. Ke2 Nd7 38. Na4 Qg5 39. Qg4 Qxg4 40. fxg4 Nb8 41. Rxb8 Rxb8 42. Kxe3 Re8+ 43. Kd4 Re4+ 44. Kc3 Rxa4 45. b7 d4+ 46. Kb3 Bc2+ 47. Kxc2 Rb4 48. Kd3 Kf8 49. h3 Ke7 50. Bc4 Rxb7 51. Kxd4 Rb2 52. Bd3 g6 53. Be4 Kd7 54. Kc3 Re2 55. Bf3 Ra2 56. Kb3 Ra6 57. Be2 Ra8 58. Bf3 Rc8 59. Kc3 Ke6 60. Kd4 g5 1/2-1/2

[Event "Karl Mala Memorial op 08th"]
[Site "Frankfurt"]
[Date "2004.07.23"]
[Round "3"]
[White "Ritscher, Georg"]
[Black "Schell, Walter"]
[Result "1/2-1/2"]
[WhiteElo "1765"]
[BlackElo "2016"]
[PlyCount "35"]
[EventDate "2004.07.22"]
[EventType "swiss"]
[EventRounds "7"]
[EventCountry "GER"]
[SourceTitle "EXT 2005"]
[Source "ChessBase"]
[SourceDate "2004.11.15"]
[SourceVersion "1"]
[SourceVersionDate "2004.11.15"]
[SourceQuality "1"]

1. e4 e5 2. Nf3 Nc6 3. Bb5 a6 4. Bxc6 dxc6 5. 0-0 f6 6. d4 Bg4 7. dxe5 Qxd1 8. Rxd1 fxe5 9. Nbd2 Rd8 10. Re1 Bd6 11. h3 Bh5 12. g4 Bf7 13. Nf1 Ne7 14. Bg5 h6 15. Bh4 g5 16. Bg3 Ng6 17. Ne3 Ke7 18. c3 1/2-1/2

[Event "Karl Mala Memorial op 08th"]
[Site "Frankfurt"]
[Date "2004.07.22"]
[Round "1"]
[White "Schell, Walter"]
[Black "Arvin, Manutschehr"]
[Result "1/2-1/2"]
[WhiteElo "2016"]
[BlackElo "1679"]
[PlyCount "38"]
[EventDate "2004.07.22"]
[EventType "swiss"]
[EventRounds "7"]
[EventCountry "GER"]
[SourceTitle "EXT 2005"]
[Source "ChessBase"]
[SourceDate "2004.11.15"]
[SourceVersion "1"]
[SourceVersionDate "2004.11.15"]
[SourceQuality "1"]

1. d4 Nf6 2. c4 d6 3. Nc3 Nbd7 4. e4 e5 5. Nf3 g6 6. Be2 Bg7 7. 0-0 0-0 8. Re1 Re8 9. Bf1 c6 10. d5 cxd5 11. cxd5 a6 12. g3 b5 13. b4 Nb6 14. a4 bxa4 15. Nxa4 Bg4 16. h3 Bd7 17. Nxb6 Qxb6 18. Rb1 Rec8 19. Be3 Qb8 1/2-1/2

[Event "Rhein Main op 07th"]
[Site "Bad Homburg"]
[Date "2004.06.12"]
[Round "5.7"]
[White "Klundt, Klaus"]
[Black "Schell, Walter"]
[Result "1-0"]
[WhiteElo "2281"]
[BlackElo "2021"]
[PlyCount "103"]
[EventDate "2004.06.09"]
[EventType "swiss"]
[EventRounds "7"]
[EventCountry "GER"]
[SourceTitle "CBM 100 Extra"]
[Source "ChessBase"]
[SourceDate "2004.07.06"]
[SourceVersion "2"]
[SourceVersionDate "2004.07.06"]
[SourceQuality "1"]

1. e4 e5 2. Nf3 Nc6 3. Bb5 a6 4. Ba4 Nf6 5. 0-0 Be7 6. Re1 b5 7. Bb3 0-0 8. d4 d6 9. c3 Bg4 10. d5 Na5 11. Bc2 c6 12. h3 Bxf3 13. Qxf3 cxd5 14. exd5 Nc4 15. Nd2 Nb6 16. Nf1 Qc7 17. Ne3 g6 18. a4 bxa4 19. Bxa4 Nxa4 20. Rxa4 Rfb8 21. Rc4 Qb7 22. Rc6 Rc8 23. c4 Rab8 24. Rd1 Nd7 25. Nc2 a5 26. Na3 f5 27. Nb5 e4 28. Qg3 Rxc6 29. dxc6 Qxc6 30. Nxd6 Bxd6 31. Rxd6 Qxc4 32. Bh6 Nf8 33. Qe5 Qf7 34. Qxa5 Qb7 35. Qe5 Qf7 36. b4 Re8 37. Qc3 Ne6 38. b5 f4 39. b6 g5 40. Rxe6 Rxe6 41. Qc8+ Re8 42. b7 Qg6 43. b8Q Rxc8 44. Qxc8+ Kf7 45. Qd7+ Kf6 46. Qd6+ Kf5 47. Qd5+ Kf6 48. Bf8 h5 49. Bc5 Qe8 50. Bd4+ Kg6 51. Be5 Kf5 52. Bxf4+ 1-0

[Event "Frankfurt-ch"]
[Site "Frankfurt"]
[Date "2004.05.24"]
[Round "5"]
[White "Schell, Walter"]
[Black "Enneper, Eckhard"]
[Result "1/2-1/2"]
[WhiteElo "2096"]
[BlackElo "2161"]
[PlyCount "92"]
[EventDate "2004.05.02"]
[EventType "swiss"]
[EventRounds "7"]
[EventCountry "GER"]
[SourceTitle "EXT 2005"]
[Source "ChessBase"]
[SourceDate "2004.11.15"]
[SourceVersion "1"]
[SourceVersionDate "2004.11.15"]
[SourceQuality "1"]

1. d4 Nf6 2. c4 c5 3. d5 e6 4. Nc3 exd5 5. cxd5 d6 6. e4 g6 7. Nf3 Bg7 8. h3 0-0 9. Bd3 a6 10. a4 Nbd7 11. 0-0 Re8 12. Re1 Qe7 13. Bf4 Nh5 14. Bh2 Ne5 15. Be2 Nxf3+ 16. Bxf3 Nf6 17. e5 dxe5 18. Bxe5 Rd8 19. Qc1 Qf8 20. Qf4 Ne8 21. Bxg7 Kxg7 22. Qe5+ Kg8 23. Ne4 Bf5 24. Nf6+ Nxf6 25. Qxf6 Qd6 26. Qxd6 Rxd6 27. Re7 Bd7 28. Rc1 Kf8 29. Re3 Bxa4 30. Rxc5 Re8 31. Rc4 Bb5 32. Rd4 Bd7 33. b4 Rc8 34. g4 g5 35. Kg2 h6 36. Kg3 Bb5 37. h4 Rc4 38. Ree4 Rxd4 39. Rxd4 Ke7 40. hxg5 hxg5 41. Be4 Rd8 42. f4 Kd6 43. Bf5 gxf4+ 44. Kxf4 Rh8 45. Rd2 Rh1 46. Bc8 b6 1/2-1/2

[Event "Landesliga Nord 0203"]
[Site "Bayern"]
[Date "2003.02.23"]
[Round "7.4"]
[White "Schell, Walter"]
[Black "Schoenau, Werner"]
[Result "0-1"]
[WhiteElo "2001"]
[BlackElo "2172"]
[PlyCount "104"]
[EventDate "2002.10.20"]
[EventType "team"]
[EventRounds "9"]
[EventCountry "GER"]
[SourceTitle "EXT 2004"]
[Source "ChessBase"]
[SourceDate "2003.11.25"]
[SourceVersion "1"]
[SourceVersionDate "2003.11.25"]
[SourceQuality "1"]
[WhiteTeam "Sailauf"]
[BlackTeam "Dettingen"]
[WhiteTeamCountry "GER"]
[BlackTeamCountry "GER"]

1. d4 Nf6 2. c4 g6 3. Nc3 d5 4. cxd5 Nxd5 5. e4 Nxc3 6. bxc3 Bg7 7. Nf3 c5 8. Rb1 0-0 9. Be2 cxd4 10. cxd4 Qa5+ 11. Qd2 Qxd2+ 12. Bxd2 Nc6 13. d5 Nd4 14. Nxd4 Bxd4 15. Bb4 f5 16. 0-0 Rf7 17. Rbd1 Bb6 18. e5 e6 19. Bc4 Rc7 20. Rc1 Rxc4 21. Rxc4 exd5 22. Rcc1 Kf7 23. Bc5 Bd8 24. f4 Bd7 25. Rb1 Bc6 26. Rf3 Ke6 27. Rh3 h5 28. Rg3 g5 29. fxg5 h4 30. Ra3 Bxg5 31. Rxa7 Rg8 32. Bd4 h3 33. g3 f4 34. Rbxb7 Bxb7 35. Rxb7 fxg3 36. hxg3 Bh4 37. Kh2 Bxg3+ 38. Kxh3 Bxe5 39. Bxe5 Kxe5 40. a4 d4 41. a5 Rd8 42. Rb5+ Ke4 43. a6 d3 44. a7 d2 45. Rb4+ Ke3 46. Rb3+ Kf2 47. Rb2 Ke1 48. Rb8 d1Q 49. a8Q Qh5+ 50. Kg3 Qg5+ 51. Kf3 Qf5+ 52. Kg3 Rd3+ 0-1